| 000 | 00488nam a2200157Ia 4500 | ||
|---|---|---|---|
| 003 | GCL | ||
| 008 | 140319s9999 xx 000 0 eng d | ||
| 040 |
_aGCL / _cGCL |
||
| 082 | 0 | 4 |
_aM _bKAIRE _b4000 |
| 100 | 1 | _aLE L'COHONEL SZULTZ ANCIENT OFFICIER DU | |
| 245 | 1 | 0 |
_aPLAN GENERAL DE LA VILLE DU KAIRE ET DES ENVIRONS / _cLE L'COHONEL SZULTZ ANCIENT OFFICIER DU |
| 260 |
_a[S.N] : _bLE COLONEL SZULTZ AN CIENT OFFICIER ، _c1946 |
||
| 650 | 0 | 4 | _aMAPS |
| 650 | 0 | 4 | _aCAIRO |
| 942 |
_2ddc _cMP |
||
| 999 |
_c25772 _d25772 |
||